000
00315nam a2200121Ia 4500
008
240624s9999 xx 000 0 und d
041
_a
eng
082
_a
658 ICF
100
_a
ICFAI
245
_a
INTRODUCTION TO MANAGEMENT STUDY GUIDE
260
_c
2005
_a
Hyderabad
_b
ICFAI University
300
_a
169 : p. : cm. ; 27
999
_c
13026
_d
13026